Manufacturing Component Parts of Mining Equipment With Application of Hardening Technologies; IOP Conference Series: Materials Science and Engineering; Vol. 127 : Urgent Problems of Modern Mechanical Engineering
| Parent link: | IOP Conference Series: Materials Science and Engineering Vol. 127 : Urgent Problems of Modern Mechanical Engineering.— 2016.— [012053, 5 p.] |
|---|---|
| Corporate Author: | |
| Other Authors: | , , , , |
| Summary: | Title screen To ensure highest hardness and wear resistance the authors develop an aggregate technology of manufacturing mining equipment component parts. The aggregate technology of manufacturing faced component parts includes the following operations: plasma-jet hard-facing with high-speed steels; high-temperature tempering after the facing, ultrasonic surface strengthening treatment, additional tempering, reconstructive facing. Режим доступа: по договору с организацией-держателем ресурса |
| Language: | English |
| Published: |
2016
|
| Subjects: | |
| Online Access: | http://dx.doi.org/10.1088/1757-899X/127/1/012053 http://earchive.tpu.ru/handle/11683/34905 |
| Format: | Electronic Book Chapter |
| KOHA link: | https://koha.lib.tpu.ru/cgi-bin/koha/opac-detail.pl?biblionumber=648267 |
MARC
| LEADER | 00000nla2a2200000 4500 | ||
|---|---|---|---|
| 001 | 648267 | ||
| 005 | 20231102025556.0 | ||
| 035 | |a (RuTPU)RU\TPU\network\13424 | ||
| 035 | |a RU\TPU\network\13412 | ||
| 090 | |a 648267 | ||
| 100 | |a 20160516a2016 k y0engy50 ba | ||
| 101 | 0 | |a eng | |
| 105 | |a y z 100zy | ||
| 135 | |a drcn ---uucaa | ||
| 181 | 0 | |a i | |
| 182 | 0 | |a b | |
| 200 | 1 | |a Manufacturing Component Parts of Mining Equipment With Application of Hardening Technologies |f D. V. Valuev [et al.] | |
| 203 | |a Text |c electronic | ||
| 300 | |a Title screen | ||
| 320 | |a [References: 10 tit.] | ||
| 330 | |a To ensure highest hardness and wear resistance the authors develop an aggregate technology of manufacturing mining equipment component parts. The aggregate technology of manufacturing faced component parts includes the following operations: plasma-jet hard-facing with high-speed steels; high-temperature tempering after the facing, ultrasonic surface strengthening treatment, additional tempering, reconstructive facing. | ||
| 333 | |a Режим доступа: по договору с организацией-держателем ресурса | ||
| 461 | 0 | |0 (RuTPU)RU\TPU\network\2008 |t IOP Conference Series: Materials Science and Engineering | |
| 463 | 0 | |0 (RuTPU)RU\TPU\network\13274 |t Vol. 127 : Urgent Problems of Modern Mechanical Engineering |o International Scientific and Practical Conference, 17–18 December 2015, Yurga, Russia |o [proceedings] |v [012053, 5 p.] |d 2016 | |
| 610 | 1 | |a электронный ресурс | |
| 610 | 1 | |a труды учёных ТПУ | |
| 610 | 1 | |a составные части | |
| 610 | 1 | |a горное оборудование | |
| 610 | 1 | |a упрочняющие технологии | |
| 610 | 1 | |a твердость | |
| 610 | 1 | |a износостойкость | |
| 610 | 1 | |a плазменные струи | |
| 610 | 1 | |a наплавки | |
| 610 | 1 | |a закалка | |
| 610 | 1 | |a ультразвуковая обработка | |
| 610 | 1 | |a поверхностное упрочнение | |
| 701 | 1 | |a Valuev |b D. V. |c specialist in the field of metal working |c Associate Professor of Yurga technological Institute of Tomsk Polytechnic University, Candidate of technical sciences |f 1980- |g Denis Viktorovich |2 stltpush |3 (RuTPU)RU\TPU\pers\32900 |9 16748 | |
| 701 | 1 | |a Malushin |b N. N. | |
| 701 | 1 | |a Valueva |b A. V. |c Specialist in the field of higher professional education |c specialist on educational and methodical work of Yurga technological Institute of Tomsk Polytechnic University |f 1981- |g Anna Vladimirovna |2 stltpush |3 (RuTPU)RU\TPU\pers\32902 |9 16750 | |
| 701 | 1 | |a Dariev |b R. S. | |
| 701 | 1 | |a Mamadaliev |b R. A. | |
| 712 | 0 | 2 | |a Национальный исследовательский Томский политехнический университет (ТПУ) |b Юргинский технологический институт (филиал) (ЮТИ) |b Кафедра металлургии и черных металлов (МЧМ) |h 7136 |2 stltpush |3 (RuTPU)RU\TPU\col\18892 |
| 801 | 2 | |a RU |b 63413507 |c 20161207 |g RCR | |
| 856 | 4 | |u http://dx.doi.org/10.1088/1757-899X/127/1/012053 | |
| 856 | 4 | |u http://earchive.tpu.ru/handle/11683/34905 | |
| 942 | |c CF | ||